| 000 | 00741nam a2200205Ia 4500 | ||
|---|---|---|---|
| 005 | 20241216011314.0 | ||
| 008 | 190429s9999||||xx |||||||||||||| ||und|| | ||
| 082 |
_a553.41 _bR28 |
||
| 100 | _aRAYMUNDO MARAVI KELINDA MARTINA | ||
| 245 | 0 | _aCARACTERISTICAS GEOLOGICAS, MINEROLOGICAS, Y GEOQUIMICAS DEL DISTRITO MINERO AURIFERO DE SANTA ROSA EMPLAZADA EN LAS UNIDADES SEDIMENTARIAS DE LA FORMACION CHIMU | |
| 250 | _a0 | ||
| 260 |
_aCERRO DE PASCO-PERU _bUNDAC _c2008 |
||
| 300 |
_a82 pag. _c30 cm. |
||
| 341 | _h0 | ||
| 490 |
_v0 _a0 |
||
| 505 | _aGEOLOGIA REGIONAL/TAJO SACALLA/MINERALIZACION AURIFERA/ALTERACIONES/GEOQUIMICA | ||
| 541 |
_aD _bRAYMUNDO MARAVI, K. _d24-Feb-09 _oSoles |
||
| 650 | _aIngenieria Geologica | ||
| 942 | _cTESIS | ||
| 999 |
_c38250 _d38250 |
||